| 000 | 00340nam a2200121Ia 4500 | ||
|---|---|---|---|
| 008 | 250110s9999 xx 000 0 und d | ||
| 041 | _aeng | ||
| 100 |
_aLulay Bhagyashree _9183155 |
||
| 245 | _aLandscape Development ProposalFor Govardhan Eco- Village | ||
| 260 |
_bBNCA M Arch LA, Pune _c2017 |
||
| 300 | _a44p | ||
| 700 | _aGuide Name:BNCA | ||
| 999 |
_c364026 _d364026 |
||